01743nam a22001817a 450000500170000001000150001702000270003203500140005903700090007308200110008224501140009325000060020726000380021327000710025130000280032250011830035070000280153320250310114437.0 aENG-144065 c3600.00a9788194538707 aEN-127597 bDBAD a409.54 aIndianization of scientific terms:bwritings and notes of the late Prof. RaghuVira/cEdited by Lokesh Chandra a1 aNew DelhibAditya Prakashanc2020 bNew Delhie110002a2/18, Ansari Road mcontact@adityaprakashan.com a390p.c29cm.(Hb)bill.  aModern science has created around a million words in European languages. As India gained independence it became imperative to create terms for administration, industry, humanistic and scientific disciplines. It was a continuation of a long tradition of linguistic creativity. This book is a collection of the writeups of Prof. RaghuVira who was the prime `maker of Indian words'. The source languages of European terminologies Greek and Latin shared the same grammatical basis of word-formation from roots with prefixes and suffixes like Sanskrit the historical source language of India. Language as a process of evolution, creation of Japanese and Chinese terminologies, the linguistic reform in Turkish, rejuvenation of Hebrew, the development of Hindi as the official language, principles of coining Indian terms, the art of translation, improvement in Indian terms due to scientific advances, and several facets of the linguistic revolution in newly liberated countries can be read in this book in the very words of Prof. RaghuVira the creator of India's macrocosm of linguistic evolution. The book is a thrilling narrative of India's logos, with parallels from other lands. aChandra, LokesheEditor